<?xml version="1.0" encoding="UTF-8" ?>
<collection xmlns="http://www.loc.gov/MARC21/slim"><record><leader>00804nab a2200229 nc4500</leader><controlfield tag="001">23621</controlfield><controlfield tag="003">Zü176</controlfield><controlfield tag="005">20170118175707.0</controlfield><datafield tag="035" ind1=" " ind2=" "><subfield code="a">(OCoLC)1005852288</subfield></datafield><datafield tag="041" ind1=" " ind2=" "><subfield code="a">fre</subfield></datafield><datafield tag="245" ind1="0" ind2="2"><subfield code="a">L&apos;oeuf dur</subfield><subfield code="c">Max Jacob, Blaise Cendrars, Philippe Soupault [et al.]</subfield><subfield code="h">Zeitschrift</subfield><subfield code="n">14</subfield></datafield><datafield tag="260" ind1=" " ind2=" "><subfield code="a">[Paris]</subfield><subfield code="b">Au Sans Pareil</subfield><subfield code="c">1923.automne</subfield></datafield><datafield tag="300" ind1=" " ind2=" "><subfield code="a">48 S.</subfield><subfield code="c">22,5 x 14,5 cm</subfield></datafield><datafield tag="510" ind1="4" ind2="0"><subfield code="a">Dada global, 1994</subfield><subfield code="c">S. 226, Nr. 183</subfield></datafield><datafield tag="600" ind1="1" ind2="4"><subfield code="a">Jacob, Max</subfield></datafield><datafield tag="600" ind1="1" ind2="4"><subfield code="a">Cendrars, Blaise</subfield><subfield code="d">1887-1961</subfield></datafield><datafield tag="600" ind1="1" ind2="4"><subfield code="a">Soupault, Philippe</subfield><subfield code="d">1897 - 1990</subfield></datafield><datafield tag="651" ind1="0" ind2="4"><subfield code="a">Zürich</subfield><subfield code="x">Kunsthaus &lt;Zürich&gt;</subfield><subfield code="x">Dadaismus</subfield><subfield code="x">Sammlung</subfield></datafield><datafield tag="710" ind1="2" ind2="0"><subfield code="a">Kunsthaus &lt;Zürich&gt;</subfield></datafield><datafield tag="773" ind1=" " ind2=" "><subfield code="t">L&apos;oeuf dur</subfield><subfield code="w">(CH-000273-5)23584</subfield></datafield><datafield tag="852" ind1="4" ind2="0"><subfield code="a">CH-000273-5</subfield><subfield code="c">DADA III:4:14</subfield></datafield><datafield tag="856" ind1="4" ind2="1"><subfield code="u">https://digital.kunsthaus.ch/viewer/image/23621/1/</subfield><subfield code="y">Kunsthaus Zürich Sammlungen online</subfield></datafield></record></collection>